[Event "18th Aeroflot Open-A 2020"]
[Site "Moscow"]
[Date "2020.02.20"]
[Round "2.33"]
[White "Vaibhav, Suri"]
[Black "Mendonca, Leon Luke"]
[Result "1-0"]
[WhiteElo "2591"]
[BlackElo "2418"]
[Annotator "TA"]
[PlyCount "93"]
[EventDate "2020.02.19"]
[EventType "swiss"]
[EventCountry "RUS"]
[SourceTitle "playchess.com"]
[Source "ChessBase"]
[SourceQuality "1"]

{[%evp 10,93,18,18,18,0,0,0,0,0,17,14,17,17,21,12,26,20,23,14,19,20,27,29,21,21,39,37,93,0,0,0,0,0,0,0,0,0,0,0,0,0,0,0,45,0,0,0,57,43,111,118,142,60,68,0,141,128,145,64,202,198,200,194,204,110,126,78,185,191,200,185,179,127,197,144,137,122,133,103,196,158,363,383,534,548]} 1. c4 Nf6 2. Nc3 e6 3. e4 d5 4. cxd5 exd5 5. e5 Ne4 6. Nf3 (6. Nxe4 dxe4 7. Qa4+ Nc6 $15) 6... Bf5 {A18: English Opening: Flohr-Mikenas System (1 c4 Nf6 2 Nc3 e6 3 e4).} 7. d3 Nxc3 8. bxc3 {[%cal Bb2c3,Bc3c4][%mdl 32]} c5 {The position is equal.} 9. d4 Qa5 {9...c4 is becoming the main line.} 10. Bd2 {c4 is the strong threat.} Nc6 11. c4 {[%mdl 64] Discovered Attack} Qd8 12. Qb3 Be6 13. Qxb7 Rc8 14. Ng5 Nxd4 {Threatening ...Rb8.} 15. Nxe6 fxe6 16. Rb1 Be7 17. Bd3 Kf7 18. O-O Nc6 {[#]} ({Black should try} 18... Rb8 $14 19. Qa6 (19. Qxa7 Ra8 $14) 19... Rb6 20. Rxb6 (20. Qxa7 Rxb1 21. Rxb1 dxc4 $16) 20... Qxb6) 19. Rfe1 $146 ({Better is} 19. Rfd1 $1 $16) ({Predecessor:} 19. Rfd1 Rc7 20. Qb3 Nd4 21. Qb2 Rd7 22. cxd5 Rxd5 23. Bc4 Rxe5 {½-½ (43) Nepomniachtchi,I (2768)-Anand,V (2771) Batumi 2018}) 19... dxc4 $11 20. Bxc4 {Strongly threatening Bc3.} Qxd2 21. Bxe6+ Kxe6 22. Qb3+ Kd7 23. Rbd1 $36 {[%mdl 2048] White is pushing.} Qxd1 {[%cal Rd1e1]} 24. Qb7+ {[#]} Ke6 $1 {[%cal Rd1e1]} 25. Rxd1 Nd4 26. Qa6+ Kd5 27. Qb7+ Ke6 28. Qa6+ Kd5 29. Qxa7 Ke6 (29... Rhe8 $14) 30. Qa6+ $1 $16 {[%mdl 1024] White has strong compensation.} Kd5 31. Qb7+ (31. f4 $1 $16 g6 32. Qd3) 31... Ke6 $14 32. Qa6+ (32. f4 $14 Rhe8 33. a4) 32... Kd5 $1 $16 33. f4 $1 Rc7 34. Qd3 (34. Qb6 $16 Rhc8 35. Qb3+ c4 36. Qf3+ Kc5 37. Qa3+ Kc6 38. Qa5) 34... Rb8 (34... Kc6 $14) 35. Qf3+ $18 Ke6 {[#]} 36. f5+ $1 {[%mdl 512]} Kd7 ({Don't play} 36... Kf7 37. Qd5+ Kf8 38. f6 $1 $18 {[%mdl 512]}) (36... Nxf5 37. Qd5#) 37. Qg4 ({White should play} 37. Qd5+ $18 Kc8 38. Qg8+ Bd8 39. f6 (39. Qxh7 Rd7 $16)) 37... Kc6 $16 38. Qe4+ Kd7 {[#]} (38... Kb6 $16 {was called for.}) 39. Qd5+ $1 $18 Kc8 {[#]} 40. Qg8+ $1 Bd8 41. Qxh7 (41. Rf1 $18) 41... Rb2 (41... Rd7 $16) 42. Qh3 (42. Qg6 $18) 42... Kb8 $16 43. Qa3 Rb4 44. Qd3 Ra7 (44... Rd7 $16) 45. a3 Rb3 $2 (45... Rb2 $16 46. Qe4 Rd7) 46. Qc4 $18 Raxa3 47. Qg8 {Accuracy: White = 72%, Black = 61%.} 1-0

[Event "18th Aeroflot Open-A 2020"]
[Site "Moscow"]
[Date "2020.02.20"]
[Round "2.34"]
[White "Idani, Pouya"]
[Black "Buksa, Nataliya"]
[Result "1-0"]
[WhiteElo "2577"]
[BlackElo "2403"]
[Annotator "TA"]
[PlyCount "91"]
[EventDate "2020.02.19"]
[EventType "swiss"]
[EventCountry "RUS"]
[SourceTitle "playchess.com"]
[Source "ChessBase"]
[SourceQuality "1"]

{[%evp 16,91,18,32,27,28,80,72,85,33,30,18,15,11,29,26,70,73,94,58,53,62,53,48,63,67,127,122,126,115,124,116,115,106,144,111,116,112,108,115,118,116,114,101,153,140,222,191,200,197,200,201,201,161,164,0,188,184,302,359,424,411,386,289,691,679,807,807,807,786,29990,29991,29991,29992,29992,29993,29993,29979]} 1. e4 c5 2. Nf3 Nc6 3. Bb5 g6 4. O-O Bg7 5. c3 e5 6. d4 cxd4 7. cxd4 exd4 8. Bf4 Nge7 9. Bd6 a6 {B31: Sicilian: 2...Nc6 3 Bb5 g6.} 10. Bc4 O-O (10... b5 $11 11. Bd5 Bb7) 11. a4 $16 {[%mdl 1024] White has strong compensation.} b6 {[#] White is better.} 12. Qd2 $146 (12. Na3 $16) ({Predecessor:} 12. Nbd2 Na5 13. Ba2 Nb7 14. Ba3 Nc5 15. a5 d6 16. axb6 Bb7 17. e5 Nf5 18. exd6 {1-0 (45) Antunes,A (2405)-Garcia Paolicchi,R (2250) Andorra 1987}) 12... Na5 $14 13. Na3 Nb7 14. Bd5 Nxd5 15. Bxf8 Qxf8 16. exd5 Nc5 {next ...Nb3 is good for Black.} 17. Nxd4 Nxa4 18. Nc4 b5 19. Na5 Qd6 20. Nf3 Nxb2 (20... Bf8 $14) 21. Rfe1 $16 {Hoping for Re8+.} h6 22. Re8+ Kh7 {White should prevent ...Nc4.} 23. Rae1 $1 {[%cal Re1e7] Strongly threatening R1e7.} (23. Rc1 $6 Nc4 $14) 23... Nc4 24. Qd3 $1 {And now Ng5+! would win.} ({Don't take} 24. Nxc4 $6 bxc4 25. Ne5 c3 $14) 24... Bf6 ({Weaker is} 24... Nxa5 25. Ng5+ hxg5 26. Qh3+ Bh6 27. Rh8+ Kg7 28. Qxh6+ Kf6 29. Rhe8 $1 {[%mdl 512]}) 25. Nxc4 bxc4 26. Qxc4 Bb7 27. Rxa8 Bxa8 28. Rd1 Kg7 29. h4 Bb7 ({Better is} 29... h5) 30. h5 Kh7 (30... a5 $16 {was worth a try.}) 31. hxg6+ fxg6 32. Qb3 Ba8 33. Nh2 h5 34. Nf3 Kg7 35. Nh2 $2 ({White should try} 35. Ne1 $18) 35... Qc5 $2 {[#]} (35... Kh7 $1 $11 {and Black is okay.}) 36. Nf1 $1 $18 Bd4 (36... Qb5 $142 37. Qa2 a5) 37. Ne3 a5 38. Qd3 Bxe3 39. fxe3 {[%mdl 4096] Endgame KQR-KQB} ({Not} 39. Qxe3 Qxe3 40. fxe3 Kf6 $16) 39... Bb7 $2 (39... Qb4 40. Rb1 Qc5) 40. Qe4 a4 41. Qe5+ Kh7 42. Rf1 {White threatens Rf7+ and mate.} Kh6 {[#]} 43. Rf7 $1 {White mates.} Qb4 44. Qg7+ Kg5 45. Qf6+ Kh6 46. Rf8 {Accuracy: White = 85%, Black = 55%.} 1-0

[Event "18th Aeroflot Open-A 2020"]
[Site "Moscow"]
[Date "2020.02.20"]
[Round "2.35"]
[White "Pranesh M"]
[Black "Savchenko, Boris"]
[Result "1-0"]
[WhiteElo "2425"]
[BlackElo "2573"]
[Annotator "TA"]
[PlyCount "41"]
[EventDate "2020.02.19"]
[EventType "swiss"]
[EventCountry "RUS"]
[SourceTitle "playchess.com"]
[Source "ChessBase"]
[SourceQuality "1"]

{[%evp 9,41,52,58,48,58,58,56,45,86,83,118,73,94,98,111,82,212,200,195,209,267,300,503,423,802,825,793,780,777,748,1203,1177,1508,1447]} 1. e4 d5 2. exd5 Nf6 3. Nf3 Qxd5 4. Nc3 Qd6 5. d4 c6 6. g3 {B01: Scandinavian Defence.} Bg4 7. Bg2 {[#]} Qd8 $146 ({Predecessor:} 7... Nbd7 8. O-O e6 9. h3 Bh5 10. Re1 Be7 11. Bf4 Qb4 12. Rb1 O-O 13. a3 Qa5 {0-1 (37) Alsina Leal,D (2467)-Maghsoodloo,P (2664) chess24.com INT 2019}) 8. h3 {White is slightly better.} Bf5 9. g4 Be6 10. Bf4 h5 {[#]} 11. g5 $1 {[%cal Rg5f6]} Nd5 12. Nxd5 Qxd5 (12... cxd5 $16 13. g6 f6) 13. O-O $18 Qf5 14. Qd2 h4 15. Rfe1 Nd7 $2 {[#]} (15... Bd5 16. Re5 Qc8) 16. d5 $1 {[%mdl 512] White is clearly winning.} cxd5 (16... Bxd5 $142 17. Nd4 Qg6) 17. Nd4 Qg6 18. Nb5 Rc8 19. Qa5 b6 20. Qxa7 Qf5 21. Qb7 {Black did not feel at home in the position after the opening. Accuracy: White = 93%, Black = 30%.} 1-0

[Event "18th Aeroflot Open-A 2020"]
[Site "Moscow"]
[Date "2020.02.20"]
[Round "2.36"]
[White "Sychev, Klementy"]
[Black "Soumya, Swaminathan"]
[Result "1-0"]
[WhiteElo "2563"]
[BlackElo "2369"]
[Annotator "TA"]
[PlyCount "75"]
[EventDate "2020.02.19"]
[EventType "swiss"]
[EventCountry "RUS"]
[SourceTitle "playchess.com"]
[Source "ChessBase"]
[SourceQuality "1"]

{[%evp 13,75,24,30,0,20,24,27,23,33,42,34,35,34,25,34,17,28,12,25,7,5,16,51,0,0,-30,22,0,0,0,10,-47,0,0,0,-126,-109,-113,-70,-161,0,0,0,-326,-311,-283,-55,-82,-61,-38,12,0,0,-51,0,-358,-327,-319,-306,-302,-301,-287,-289,-283]} 1. e4 c5 2. Nf3 Nc6 3. d4 cxd4 4. Nxd4 Nf6 5. Nc3 d6 6. Bg5 e6 7. Bb5 Bd7 8. Qd3 $1 {[%mdl 4] outshines the older 8.Bxc6. B62: Sicilian: Richter-Rauzer: 6...e6: Unusual White 7th moves.} h6 9. Bh4 {[#]} g5 $146 ({Predecessor:} 9... Be7 10. O-O-O Ne5 11. Qe2 O-O 12. f4 Ng6 13. Bg3 a6 14. Bxd7 Nxd7 15. f5 exf5 16. Nxf5 {1-0 (45) Sadhwani,R (2522)-Durarbayli,V (2625) Moscow 2020}) 10. Bg3 {White has an edge.} (10. Bxc6 $5 bxc6 11. Bg3 $11) 10... Nh5 11. O-O-O Nxg3 12. hxg3 Qb6 13. Bxc6 bxc6 14. f4 gxf4 15. gxf4 Rg8 16. g3 O-O-O 17. Nb3 c5 18. Rd2 (18. Nd2 $14) 18... Kb8 19. Rhd1 Be7 (19... Rc8 $142 20. Qf3 Ka8) 20. Kb1 Rc8 {aiming for ...c4.} 21. Qf3 Rc7 22. f5 (22. Qh5 $11 Rxg3 23. Rd3) 22... Re8 23. f6 Bf8 24. Qf4 (24. Ka1 $11 {keeps the balance.}) 24... c4 $17 25. Nc1 {[#]} d5 $1 {[%mdl 512] Hoping for ...d4!} 26. exd5 (26. Qf3 $1 $15) 26... Ba3 $2 (26... e5 $1 $19 27. Qf2 Bc5) 27. b3 $11 cxb3 $40 {[%mdl 128] Black attacks.} (27... e5 $5 28. Qf3 $8 cxb3 29. axb3 Bb4 $11) 28. cxb3 $2 {[%mdl 8192]} (28. axb3 $11 e5 29. Qf3) 28... e5 $19 29. Qf3 {[#]} h5 $2 (29... e4 $1 $19 {[%mdl 512]} 30. Nxe4 Qb4) 30. d6 $15 {[#]} Rc5 $1 {[%mdl 1024] Black has strong compensation.} 31. N1e2 $1 Bg4 32. d7 Rd8 33. Qe3 ({White must play} 33. Qe4 $11 Qc7 34. Qa4) 33... Bb4 ({Black should try} 33... Qxf6 $15 34. Rd5 Rxd5 35. Rxd5 Rxd7 36. Qxe5+ Qxe5 37. Rxe5 Rd2) 34. Nd5 $2 {[%mdl 8192]} (34. Rd5 $11 Rxd5 35. Qxb6+ axb6 36. Rxd5) 34... Rxd5 35. Qxb6+ {Black has a decisive advantage.} axb6 36. Rxd5 Bxe2 37. Rc1 e4 38. Kb2 {[%mdl 32768] Accuracy: White = 60%, Black = 64%. . Sensor Board Error (Ke4/e5)?} 1-0

[Event "18th Aeroflot Open-A 2020"]
[Site "Moscow"]
[Date "2020.02.20"]
[Round "2.37"]
[White "Makarian, Rudik"]
[Black "Jumabayev, Rinat"]
[Result "1/2-1/2"]
[WhiteElo "2414"]
[BlackElo "2646"]
[Annotator "TA"]
[PlyCount "105"]
[EventDate "2020.02.19"]
[EventType "swiss"]
[EventCountry "RUS"]
[SourceTitle "playchess.com"]
[Source "ChessBase"]
[SourceQuality "1"]

{[%evp 11,105,19,45,26,31,29,34,30,26,33,32,24,38,29,92,78,96,85,97,52,53,14,16,14,14,16,20,21,10,12,11,12,60,60,60,62,62,62,62,55,55,55,55,55,125,115,146,134,151,153,179,17,135,79,139,129,136,68,68,68,68,68,69,40,40,0,0,0,0,0,0,0,0,0,0,0,40,0,0,0,40,40,40,40,40,46,47,47,66,66,75,0,21,21,21,21]} 1. d4 d5 2. c4 e6 3. Nf3 Nf6 4. g3 dxc4 5. Bg2 a6 6. O-O Nc6 7. Nbd2 {E04: Open Catalan: 5 Nf3.} Nxd4 8. Nxc4 Nxf3+ 9. Bxf3 {White is slightly better.} Be7 10. Qc2 O-O 11. Rd1 Qe8 12. Bf4 Nd5 {[#]} (12... Bd8 $1 $11 {keeps the balance.}) 13. Bxc7 $1 $16 {[%mdl 512]} Qc6 {[#]} (13... Nxc7 14. Nb6) 14. Bb6 $146 ({Predecessor:} 14. Be5 b5 15. Bxd5 exd5 16. Ne3 Qxc2 17. Nxc2 f6 18. Bd4 Be6 19. Ne3 Rac8 20. Rac1 {0-1 (67) Ju,W (2514)-Hou,Y (2629) Beijing 2013}) 14... Bd7 15. Qb3 Qb5 16. Bxd5 exd5 17. Ne3 Qxe2 18. Nxd5 {And now Re1 would win.} Bc6 $1 19. Re1 Bxd5 $1 20. Qxd5 Qxb2 21. Rab1 Qa3 22. Re3 $36 {[%mdl 2048] White is pushing.} Qd6 23. Qxd6 Bxd6 24. Rd1 $1 {[%cal Rd1d6]} Bb8 $1 25. Rd7 Ba7 26. Rxb7 Bxb6 27. Rxb6 $14 {[%mdl 4096] Endgame KRR-KRR} h5 {[#]} (27... Ra7 $14) 28. Ra3 $1 $16 Rfc8 29. Rbxa6 Rxa6 30. Rxa6 {KR-KR} g6 31. Rd6 $2 (31. h4 $18) 31... Rc2 (31... Ra8 $11 {remains equal.}) 32. a3 (32. a4 $142) 32... Rc3 (32... h4 $142) 33. a4 Ra3 34. Rd4 (34. Ra6 $16) 34... Kg7 $14 35. h4 f6 36. Rd7+ Kh6 $1 37. Ra7 {aiming for Ra6.} g5 38. Kg2 gxh4 39. gxh4 Kg6 40. Ra5 Rc3 41. f3 Rc4 42. Kg3 Rb4 43. Ra8 Kf5 44. a5 Ra4 45. a6 Ra3 46. a7 Ra2 47. Rh8 Rxa7 48. Rxh5+ Kg6 49. Rb5 Ra1 50. h5+ Kh6 {[#]} 51. Kf4 (51. f4 $1 $16) 51... Rh1 52. Rb6 Rxh5 53. Rxf6+ {White really could win this. Accuracy: White = 77%, Black = 74%.} 1/2-1/2

[Event "18th Aeroflot Open-A 2020"]
[Site "Moscow"]
[Date "2020.02.20"]
[Round "2.38"]
[White "Abdusattorov, Nodirbek"]
[Black "Sadhwani, Raunak"]
[Result "1-0"]
[WhiteElo "2644"]
[BlackElo "2522"]
[Annotator "TA"]
[PlyCount "101"]
[EventDate "2020.02.19"]
[EventType "swiss"]
[EventCountry "RUS"]
[SourceTitle "playchess.com"]
[Source "ChessBase"]
[SourceQuality "1"]

{[%evp 16,101,26,2,27,27,33,25,28,25,21,29,23,22,22,22,22,26,23,16,14,17,17,14,9,16,20,20,29,37,50,53,48,45,124,115,183,174,174,171,173,182,171,164,166,150,193,175,379,370,418,420,416,187,409,409,397,391,451,260,237,272,272,236,236,237,237,237,337,337,352,352,354,351,326,323,356,321,819,832,694,675,7886,7886,7517,6485,2039,1525]} 1. e4 e5 2. Nf3 Nf6 3. Nxe5 d6 4. Nf3 Nxe4 5. d4 d5 6. Bd3 Bd6 7. O-O O-O 8. c4 c6 9. Qc2 h6 {C42: Petroff Defence: 3 Nxe5 and unusual White 3rd moves.} 10. Re1 Be6 11. cxd5 cxd5 {White has an edge.} 12. Bxe4 dxe4 13. Qxe4 Bd5 14. Qg4 {Threatens to win with Bxh6.} Qd7 15. Qxd7 Nxd7 16. Nc3 Bxf3 17. gxf3 Rfd8 18. Be3 Nf8 {[#]} 19. Red1 $5 $146 {[%mdl 8] An interesting novelty.} ({Predecessor:} 19. Rac1 f5 20. Nb5 Bb4 21. Red1 a6 22. Nc3 Rac8 23. Kg2 Bd6 24. f4 Kf7 25. Ne2 Ng6 26. Kg3 b5 27. Ng1 Ne7 28. Nf3 Rxc1 29. Rxc1 Rc8 {½-½ (29) Hernaez Fernandez,C (2236)-Lemke,B (2220) ICCF email 2019}) 19... Ng6 20. Rac1 $36 {[%mdl 2048] White has good play.} Rac8 21. Ne4 Rxc1 22. Rxc1 Bb8 23. Nc5 b6 24. Nb7 Rf8 {White now steadily converts the win.} (24... Re8 $14) 25. d5 $16 f5 (25... Re8 $16) 26. d6 $18 Ne5 27. Kf1 Nd7 28. Bd4 Re8 29. h4 Kf7 30. h5 g6 31. Rc7 Bxc7 $2 (31... Ke6) 32. dxc7 {[%mdl 4096] Endgame aiming for Nd6+. KRN-KBN} Ke7 {Threatening ...Rc8.} 33. hxg6 {Black must now prevent Nd8.} ({Weaker is} 33. Nd8 Rxd8 34. cxd8=R (34. cxd8=Q+ Kxd8 35. hxg6 Ke7 $16) 34... Kxd8 $16) 33... Nf8 34. g7 (34. Nd8 $142 Kd7 35. g7) 34... Ng6 $2 (34... Ne6 35. Be5 Nxc7) 35. Nd8 Kd7 36. Bf6 Nf4 {[#]} 37. Nf7 (37. c8=R $142 $1 {[%mdl 512]} Kxc8 38. Nf7) 37... Nh5 38. Be5 Rg8 39. Nxh6 Rxg7 40. Nxf5 ({But not} 40. Bxg7 $6 Nxg7 41. Ke2 f4) 40... Rg8 {[#] intending ...Rf8.} 41. Bd6 $1 Rh8 (41... Re8 {was worth a try.} 42. Ne7 Rxe7 43. Bxe7 Kxc7) 42. Ne7 Kxd6 43. c8=Q Rxc8 44. Nxc8+ {KN-KN} Kc5 45. Ke2 ({Don't take} 45. Nxa7 Nf4 $18) 45... a5 46. Ke3 a4 $2 (46... Kc6 47. f4 Kc7) 47. Ke4 {White is clearly winning.} Nf6+ 48. Ke5 Nd5 {If Black can now play ...Nb4 this consolidates a bit.} 49. a3 b5 50. f4 b4 51. f5 {Accuracy: White = 88%, Black = 58%.} 1-0

[Event "18th Aeroflot Open-A 2020"]
[Site "Moscow"]
[Date "2020.02.20"]
[Round "2.39"]
[White "Kozak, Adam"]
[Black "Aravindh, Chithambaram VR."]
[Result "0-1"]
[WhiteElo "2523"]
[BlackElo "2630"]
[Annotator "TA"]
[PlyCount "88"]
[EventDate "2020.02.19"]
[EventType "swiss"]
[EventCountry "RUS"]
[SourceTitle "playchess.com"]
[Source "ChessBase"]
[SourceQuality "1"]

{[%evp 9,88,0,12,12,11,5,12,11,13,0,15,0,0,0,20,22,22,23,41,32,33,44,77,81,62,70,70,51,54,44,52,52,81,88,90,39,58,58,92,88,80,84,99,100,92,36,35,-27,0,0,0,-250,-232,-317,-312,-308,-308,-454,-460,-969,-911,-873,-522,-536,-528,-503,-475,-461,0,0,0,0,0,-635,-628,-620,-620,-619,-635,-566,-541]} 1. d4 Nf6 2. c4 g6 3. Nc3 d5 4. Nf3 Bg7 5. h4 c6 6. cxd5 {D90: Grünfeld: 4 Nf3 Bg7 sidelines.} cxd5 7. Bf4 Nc6 8. e3 {The position is equal.} O-O 9. Qb3 Na5 10. Qb4 Nc6 11. Qb3 b6 12. Rc1 Bb7 13. Be2 Na5 {[#]} 14. Qb4 $146 ({Predecessor:} 14. Qa3 Nc4 15. Qb4 Rc8 16. O-O e6 17. Nb5 a5 18. Qb3 Ne4 19. Rc2 h6 20. Nc3 g5 21. hxg5 hxg5 22. Nxe4 gxf4 {½-½ (41) Can,E (2605)-Mchedlishvili,M (2608) Ankara 2018}) 14... Rc8 15. O-O Nc4 16. b3 a5 17. Qa4 $1 Nd6 18. Nb5 Nfe4 19. Nxd6 exd6 20. Bd3 h6 21. Rxc8 Qxc8 22. Qa3 ({White should play} 22. Qb5 $16) 22... Qd8 23. b4 g5 24. hxg5 hxg5 25. Bh2 f5 26. bxa5 bxa5 27. Rc1 ({Better is} 27. Rb1 $16 Bc6 28. Qb3) 27... Rf7 $14 28. Bxe4 (28. Qb3 $14) 28... dxe4 $11 ({Don't play} 28... fxe4 $6 29. Nd2 $14) 29. Nd2 Bf8 30. Nc4 $2 (30. Qb3 $11 {and White is okay.}) 30... d5 $1 $19 {[%csl LRa3,LRc4]} 31. Nd6 Rh7 32. Be5 Qd7 $1 33. Qc5 (33. Qxa5 {was called for.} Bxd6 34. Qb6) 33... Qe6 $1 34. Qb6 {[#]} (34. Ne8 $142 Bxc5 35. Nf6+ Kg7 36. Rxc5) 34... Qh6 $1 {[%csl Gh7][%cal Rh6h1][%mdl 512]} 35. f3 Qh1+ 36. Kf2 Qxc1 37. Nxe4 Qc2+ {[%mdl 64] Double Attack} 38. Kg1 {White threatens Qg6+! and mate.} Rh6 $2 ({Less strong is} 38... dxe4 39. Qg6+ Rg7 40. Bxg7 $19) (38... fxe4 $19 39. Qg6+ Rg7 $1 {[%mdl 512]} 40. Bxg7 Qc1+ 41. Kf2 Qd2+ 42. Kf1 Bxg7 43. Qe8+ Bf8 44. Qe6+ Kg7 45. Qd7+ Kf6 46. Qxb7 Qc1+ 47. Kf2 Qc2+ 48. Kg1 exf3 49. gxf3 Qd1+ 50. Kf2 Qd2+ 51. Kf1 Qxe3 52. Qxd5 Qe6 53. Qxa5 Qc4+ {[%mdl 64] Double Attack} 54. Kg2 Qe2+ 55. Kg1 Qxf3 56. Qd8+ Kg6 57. Qb6+ Kh5) 39. Nf6+ $1 $11 Kf7 40. Qxb7+ Kg6 {( -> ...Qd1+)} 41. Qa6 $2 {[%mdl 8192] [#]} (41. Nh5 $11) 41... Qc4 $1 $19 {[%cal Rc4a6] Black is clearly winning.} 42. Qxc4 dxc4 43. Nd5 Bb4 44. e4 f4 {Accuracy: White = 63%, Black = 85%.} 0-1

[Event "18th Aeroflot Open-A 2020"]
[Site "Moscow"]
[Date "2020.02.20"]
[Round "2.40"]
[White "Shtembuliak, Evgeny"]
[Black "Karthik Venkataraman"]
[Result "1-0"]
[WhiteElo "2628"]
[BlackElo "2483"]
[Annotator "TA"]
[PlyCount "91"]
[EventDate "2020.02.19"]
[EventType "swiss"]
[EventCountry "RUS"]
[SourceTitle "playchess.com"]
[Source "ChessBase"]
[SourceQuality "1"]

{[%evp 22,91,11,0,12,2,30,20,20,26,97,100,173,172,138,172,146,137,157,172,180,169,173,178,164,158,179,177,154,148,187,180,177,179,218,217,214,218,224,210,251,247,247,248,515,458,707,599,29968,29968,29969,29969,29970,29970,29970,29972,29972,29973,29973,29972,29972,29973,29973,29973,29969,29967,29978,29979,7790,7790,29972,29971]} 1. d4 Nf6 2. c4 g6 3. Nc3 d5 4. cxd5 Nxd5 5. e4 Nxc3 6. bxc3 Bg7 7. Bb5+ c6 8. Ba4 b5 9. Bb3 b4 10. Qf3 O-O 11. Ne2 bxc3 12. h4 h5 {D85: Exchange Grünfeld: Unusual White 7th moves and lines with 7 Nf3.} ({Reject} 12... Bxd4 $6 13. Nxd4 Qxd4 14. Bh6 $16) 13. Qxc3 Ba6 {[#]} 14. e5 $146 ({Predecessor:} 14. Be3 Qb6 15. Rd1 Nd7 16. Rb1 Kh7 17. Bc2 Qc7 18. Bd3 Bb7 19. O-O Rac8 20. Qa3 {1-0 (51) Zambo,Z (2149)-Szava,M (2186) Hungary 2000}) 14... c5 {The position is equal.} 15. Qxc5 Nd7 {[#]} (15... e6 $11 {keeps the balance.}) 16. Qc6 $1 $16 {[%csl LRa6,LRg6][%cal Rc6a6]} Bxe2 (16... Bd3 $16 {keeps fighting.}) 17. Kxe2 $18 Nb6 18. Be3 e6 19. g4 {Black must now prevent gxh5.} Rc8 20. Qb5 hxg4 21. h5 gxh5 22. Rxh5 {And now Qd3 would win.} Nd5 23. Bxd5 $40 {[%mdl 128] White attacks with force.} Qxd5 24. Qxd5 exd5 25. Kd3 f5 26. exf6 Rxf6 27. Rxd5 g3 28. fxg3 Rf3 29. g4 Re8 30. Re1 Rg3 {[#]} 31. g5 $1 Bf8 32. Re5 Rxe5 $2 (32... Rd8 33. Rc1 Bd6) 33. dxe5 {[%mdl 4096] Endgame KRB-KRB} Be7 (33... Bb4 $142) 34. Ke4 Bxg5 35. Bxg5 Rxg5 {KR-KR} 36. Rf1 Rg2 37. a3 Re2+ 38. Kd5 Rd2+ 39. Kc6 Rc2+ 40. Kd7 Rd2+ 41. Ke7 Rd3 42. Rg1+ Kh7 43. a4 {[%cal Ba3a4,Ba4a5][%mdl 32]} Rd4 44. a5 Rd5 45. Kf7 {[%cal Rg1h1]} Kh6 46. Rg6+ {Accuracy: White = 100%, Black = 54%.} 1-0

[Event "18th Aeroflot Open-A 2020"]
[Site "Moscow"]
[Date "2020.02.20"]
[Round "2.41"]
[White "Indjic, Aleksandar"]
[Black "Gadimbayli, Abdulla"]
[Result "1/2-1/2"]
[WhiteElo "2622"]
[BlackElo "2460"]
[Annotator "TA"]
[PlyCount "120"]
[EventDate "2020.02.19"]
[EventType "swiss"]
[EventCountry "RUS"]
[SourceTitle "playchess.com"]
[Source "ChessBase"]
[SourceQuality "1"]

{[%evp 13,120,13,49,45,48,45,63,59,59,32,31,30,28,37,35,41,91,86,77,85,82,85,78,85,76,50,64,57,65,62,61,53,69,69,69,69,69,69,68,33,34,34,34,34,34,27,37,20,37,25,41,25,27,27,29,0,2,0,45,30,34,0,0,0,14,0,8,8,8,8,8,8,8,8,8,0,0,0,0,-21,-21,-25,-16,-22,-19,-24,0,0,8,8,8,8,8,8,91,8,91,8,8,8,91,8,8,8,8,8,8,8,8]} 1. d4 Nf6 2. c4 e6 3. Nf3 b6 4. g3 Bb7 5. Bg2 g6 6. O-O Bg7 7. Nc3 O-O 8. d5 {A50: Queen's Fianchetto Defence (1 d4 Nf6 2 c4 b6).} exd5 9. cxd5 c6 {[%cal Rf6d5]} 10. e4 {White is slightly better.} Re8 11. Nd4 Na6 12. dxc6 dxc6 13. e5 Nd5 {[#]} 14. f4 $146 ({Predecessor:} 14. Nxc6 Bxc6 15. Nxd5 Rxe5 16. Ne7+ Qxe7 17. Bxc6 Rd8 18. Qf3 Nb4 19. Ba4 Rf5 20. Qe3 {½-½ (83) Luong,P (2256)-Doshi,M (2399) Mumbai 2020}) 14... c5 15. Nxd5 $1 Bxd5 16. Nc6 Bxc6 17. Bxc6 Qxd1 18. Rxd1 Red8 19. Bd2 Rab8 20. a3 Nc7 21. Bc3 Ne6 22. Kf2 Nd4 23. Bxd4 Rxd4 24. Rxd4 cxd4 $14 {[%mdl 4096] Endgame KRB-KRB} 25. Ke2 Rc8 26. Ba4 Kf8 27. Kd3 f6 28. exf6 Bxf6 29. Re1 Kg7 30. Bb3 h6 31. Re6 Rc7 32. Rd6 Be7 33. Rd5 Bf6 34. Rd6 Be7 35. Re6 Bf6 36. Bd5 Re7 37. Rc6 Re3+ 38. Kd2 g5 39. Rc7+ Kg6 40. Rxa7 gxf4 41. gxf4 Kf5 42. Rb7 Kxf4 43. Rxb6 Bg5 {Hoping for ...Ke5.} 44. h4 Bxh4 45. Bc4 Bg5 46. Bd3 h5 {And now ...h4 would win.} 47. Rb4 $1 Re7 {With the idea ...h4.} 48. Bg6 h4 {Threatens to win with ...h3.} 49. Rxd4+ Ke5+ 50. Kd3 Re6 (50... Ra7 {keeps more tension.} 51. Be4 h3 52. a4 Ra5 53. b3 h2) 51. Re4+ Kd6 52. Rxe6+ Kxe6 $11 {KB-KB} 53. b4 Kd6 (53... h3 $11) 54. Kc4 ({Better is} 54. Bf5 $1 $16) 54... Kc7 {[#]} (54... h3 $11) 55. Kb5 (55. Bf5 $1 $16) 55... Bc1 56. a4 {[%cal Ba3a4,Ba4a5][%mdl 32]} Bd2 {[#]} (56... h3 $11 {keeps the balance.}) 57. Be4 (57. Bf5 $1 $16) 57... h3 {The position is equal.} 58. a5 h2 59. Ka4 Be1 60. b5 {Black must now prevent b6+.} Bf2 {Accuracy: White = 78%, Black = 84%.} 1/2-1/2